Chetvertʹ veka. : Povesti i rasskazy /

Bibliographic Details
Main Author: Malashkin, Sergeĭ, 1890-
Format: Book
Language:Russian
Published: Moskva : "Mol. gvardii︠a︡,", 1970.

MARC

Tag First Indicator Second Indicator Subfields
LEADER 00000cam a2200000I 4500
001 in00002016237
005 20151031154637.0
008 790507s1970 ru a 000 0 rusr
010 |a  70507652  
015 |a USSR 70-VKP 
020 |c 0.52rub 
035 |a (OCoLC)ocm04936581 
040 |a DLC  |c TJC  |d TJC  |d TXA  |d UtOrBLW 
049 |a TXAM 
050 0 |a PG3476.M347  |b C5 
100 1 |a Malashkin, Sergeĭ,  |d 1890- 
245 1 0 |a Chetvertʹ veka. :  |b Povesti i rasskazy /  |c [Ill.: I︠U︡. Bazhenov]. 
264 1 |a Moskva :  |b "Mol. gvardii︠a︡,",  |c 1970. 
300 |a 255 pages :  |b with illustrations ;  |c 21 cm. 
336 |a text  |b txt  |2 rdacontent 
337 |a unmediated  |b n  |2 rdamedia 
338 |a volume  |b nc  |2 rdacarrier 
500 |a At head of title: Sergeĭ Malashkin. 
500 |a Russian in Cyrillic script. 
505 0 |a Dva bronepoezda.--Lukerʹi︠a︡ Makhova.--Brat i sestra.--Ofelii︠a︡.--Marina.--Dobryĭ krestʹi︠a︡nin.--Fridrikh Velikiĭ. 
948 |a cataloged  |b h  |c 2004/12/20  |d c  |e tchubaryan  |f 1:33:47 pm 
994 |a E0  |b TXA 
999 |a MARS 
999 f f |s a68de4b5-2234-3090-8d9f-3bf5d5374ade  |i 56bf841a-0d8c-38c1-8a0b-c325130198ee  |t 0 
952 f f |p ric  |a Texas A&M University  |b Rellis Campus  |c Joint Library Facility  |d Remote Storage  |t 0  |e PG3476.M347 C5 1970  |h Library of Congress classification  |i unmediated -- volume  |m A14831591722 
998 f f |a PG3476.M347 C5 1970  |t 0  |l Remote Storage